[Event "Baku FIDE GP"]
[Site "Baku"]
[Date "2014.10.05"]
[Round "4"]
[White "Tomashevsky, Evgeny"]
[Black "Karjakin, Sergey"]
[Result "1/2-1/2"]
[WhiteElo "2701"]
[BlackElo "2767"]
[Annotator "Marin,M"]
[PlyCount "61"]
[EventDate "2014.10.02"]
[EventType "tourn"]
[EventRounds "11"]
[EventCountry "AZE"]
[EventCategory "21"]
[SourceTitle "CBM 163"]
[Source "ChessBase"]
[SourceDate "2014.11.11"]
[SourceVersion "1"]
[SourceVersionDate "2014.11.11"]
[SourceQuality "1"]

1. d4 Nf6 2. c4 e6 3. g3 d5 4. Nf3 Bb4+ 5. Bd2 Be7 6. Bg2 O-O 7. O-O c6 8. Qc2
Nbd7 9. Rd1 b6 10. b3 Ba6 11. a4 Qc8 $5 {Ten years ago, I had the privilege of
facing this rare move (it had been played only once before) in a game against
the idol of my youth, Viktor Lvovich Korchnoi.} ({The main continuations are} 
11... c5 12. Na3 {as in Kramnik,V (2799)-Gelfand,B (2737) Wijk aan Zee 2008
CBM 122 [Marin,M] (1/2-1/2, 48)}) ({and} 11... Rc8 12. a5 {see, for instance,
Mamedyarov,S (2763)-Alekseev,E (2700) Astrakhan 2010 CBM 137 [Krasenkow,M] 
(1-0, 33)}) 12. a5 {I also reacted this way.} ({But during the post mortem
Korchnoi asked me: "Why did you not play} 12. Na3 {"? I believe he was right,
this move looks more promising than our current min game continuation.} Bxa3 (
12... c5 13. Qb2 Ne4 14. Be1 Qb7 15. e3 Rac8 16. Rac1 Qa8 17. Ne5 Ndf6 18. cxd5
exd5 19. Nb5 $14 {Avrukh,B (2656)-Adams,M (2735) Cala Mayor 2008 (0-1, 65)})
13. Rxa3 c5 (13... dxc4 14. bxc4 c5 15. Ne5 Bb7 16. Nxd7 Qxd7 17. d5 exd5 18.
cxd5 Bxd5 19. Bg5 {When we reached this position in our analysis, Korchnoi
suddenly expressed his loss of interest with the brief evaluation: "Lost!"
Indeed, After} Qe6 20. Re3 $1 Qc6 21. Rxd5 Nxd5 22. Qd2 $18 {White wins
material}) 14. cxd5 $6 (14. a5 $5 $14) (14. Bf4 $14) 14... Bxe2 (14... Nxd5 15.
Be1 $5 $14) 15. dxe6 Bxd1 16. exf7+ $1 (16. Qxd1 fxe6 17. Ng5 Re8 18. dxc5 bxc5
19. Bf4 a6 20. Bxa8 {1/2-1/2 (20) Poluljahov,A (2525)-Brodsky,M (2527)
Krasnodar 2001}) 16... Rxf7 17. Qxd1 $14 {Here, too, Korchnoi shrugged his
shoulders and issued the same evaluation: "Lost!" This time it is an
exaggeration, of course, but Black's position is rather unpleasant despite his
extra exchange. The white bishops are just too strong.}) 12... dxc4 $146 {
At first sight, this new plan offers Black easy play, but things are by far
less simple than that.} (12... Qb7 13. axb6 axb6 14. Bf4 b5 15. Nbd2 bxc4 16.
bxc4 c5 17. Ra2 {White has some slight pressure, which is typical for this
variation. But the next move is a serious mistake, leading to a surprising
situation with white domination despite the symmetrycal structure and the
reduced material on the board!} Bxc4 $2 18. Rxa8 Qxa8 19. Nxc4 dxc4 20. Ne5 Qa3
21. Nc6 cxd4 (21... Re8 22. Nxe7+ Rxe7 23. Bd6 Re8 24. Qxc4 $18) 22. Rxd4 Bc5
23. Rxc4 {The black bishop experiences chronic discomfort.} Bd6 (23... Bb6 $5)
24. Bc1 Qa6 25. Ra4 Qb5 26. Ra5 Qb6 27. Be3 Qc7 28. Ra7 Qc8 29. Qd2 {1-0 Ribli,
Z (2554)-Lauber,A (2465) Germany 2012}) ({Korchnoi's continuation looks very
natural:} 12... c5 13. axb6 (13. cxd5 {may be a better try to keep the
position complicated.} Nxd5 14. e4 Nb4 15. Bxb4 cxb4 16. Qb2 Bb5 17. Rc1 Qb7
18. Nbd2 Rac8 {Black's bishop pair and the weakness of the c3-square
compensate for the compact and mobile centre.}) 13... axb6 14. Bg5 Bb7 15. Rxa8
Bxa8 16. cxd5 Bxd5 {Black has no problems at all, but White will manage to get
some for himself.} 17. Nc3 cxd4 18. Nxd4 Bxg2 19. Kxg2 Qb7+ 20. Kg1 h6 21. Bxf6
Nxf6 22. Qd3 Rd8 23. Qf3 Qxf3 24. exf3 Rc8 25. Ndb5 Rc5 $15 {Marin,M (2511)
-Kortschnoj,V (2601) Barcelona 2004 (1/2-1/2, 42)}) 13. bxc4 c5 14. Bf4 cxd4
15. Nxd4 Bb7 16. Bxb7 Qxb7 17. Nc3 {Despite simplifications, White retains a
slight edge. The threat a5-a6 with huge gain of space is unpleasant, the same
as White's control on the light squares.} bxa5 {Transforming the c-pawn into a
potential danger.} (17... Bb4 {does not solve all Black's problems either.} 18.
a6 Qc8 19. Ndb5 $14 Qxc4 $140 $6 20. Rd4 Qc5 21. Bd6 $16) 18. Nb3 Qc8 19. Nb5 {
[%cal Gb5c7,Gb5d6]} ({With ...e6-e5 in the air, it would have made sense to
keep the c3-knight close to the d5-square.} 19. Nxa5 e5 20. Bg5 $14) 19... a4
$6 (19... e5 $5 {[%cal Rf4c7]}) 20. Rxa4 Nb6 21. Rxa7 {This leads to complete
simpflifying and a draw.} ({White missed the spectacular zwischenzug} 21. Bd6
$3 $36 Nxa4 (21... Bxd6 22. Nxd6 Qc7 23. Ra5 $16) (21... Re8 22. Nxa7 Qd7 23.
Ra6 Bxd6 24. Rxb6 Qxa7 25. Rbxd6 $16) 22. Bxe7 Re8 23. Nd6 Qc7 24. Bxf6 gxf6
25. Nxe8 Rxe8 26. c5 Nb6 27. Qe4 $16 {The strength of the c-pawn combined with
the weakness of the black kingside offer White excellent chances despite the
reduced material.}) 21... Rxa7 22. Nxa7 Qxc4 $11 23. Qxc4 Nxc4 24. Nc6 Ba3 25.
Bc1 Bxc1 26. Rxc1 Nb6 27. Nc5 Ra8 28. Nd3 Kf8 29. Kf1 Rc8 30. Nce5 Rxc1+ 31.
Nxc1 1/2-1/2

[Event "Jermuk FIDE GP"]
[Site "Jermuk"]
[Date "2009.08.12"]
[Round "4"]
[White "Leko, Peter"]
[Black "Karjakin, Sergey"]
[Result "1-0"]
[WhiteElo "2756"]
[BlackElo "2717"]
[Annotator "Marin,M"]
[PlyCount "65"]
[EventDate "2009.08.09"]
[EventType "tourn"]
[EventRounds "13"]
[EventCountry "ARM"]
[EventCategory "19"]
[SourceTitle "CBM 132"]
[Source "ChessBase"]
[SourceDate "2009.09.16"]
[SourceVersion "1"]
[SourceVersionDate "2009.09.16"]
[SourceQuality "1"]

1. d4 Nf6 2. c4 e6 3. Nf3 b6 4. g3 Ba6 5. b3 Bb4+ 6. Bd2 Be7 7. Bg2 c6 8. O-O
d5 9. Qc2 Nbd7 10. Rd1 O-O 11. a4 {I have examined this variation in an
article published in CBM 121.} Ne4 $5 {Strangely enough, I did not consider
this move in this concrete position, although the plan based on ...Ne4
followed by a transposition to a Stonewall with ...f5 was one of the main
themes of the article.} ({For instance:} 11... Rc8 12. a5 b5 13. c5 Ne4 14. Be1
f5 {Kramnik,V (2807)-Leko,P (2736)/Monte Carlo 2003/CBM 093 ext/ (1/2, 36)})
12. Be1 f5 13. a5 {White carries out his main plan without paying too much
attention to Black's incipient kingside counterplay.} Bd6 $146 {Black clears
the e7-square for the queen in order to get rooks connected. However, ...
Bf8-d6 not only looks like a loss of time, but also fails to place the bishop
in an active position. It will take a long time before the g3-pawn will become
vulnerable (...h5-h4)} (13... Bf6 {is slightly more typical.} 14. e3 {I do not
quite understand this move at this stage of the game. Delaying the development
and slightly weakening the light squares are its main defects. Only Black's
stereotyped play will eventually prove that the e2-square is useful to the
b1-knight.} (14. Nc3 $1 $14 b5 $2 15. cxd5 cxd5 16. Nxe4 fxe4 17. Qc6 exf3 18.
Bxf3 Qc8 19. Qxe6+ Kh8 20. Rac1 Qb7 21. Bxd5 $18) 14... Qe7 15. Nc3 g5 $6 (
15... b5 $5 {may be a way to prove the move e3 as not entirely sound.}) 16. Ne2
h5 17. Nd2 h4 18. f3 Nxd2 19. Bxd2 hxg3 20. hxg3 Bg7 21. e4 $14 {Cvitan,O 
(2541)-Lugovoj,M (2240)/Neum 2000/EXT 2001 (1-0, 48)}) (13... Qb8 {is an
interesting way to keep the queenside defended.} 14. Nc3 b5 15. cxd5 (15. c5
Qc7 16. Na2 Rae8 17. Nb4 Bc8 {would transpose to the aforementioned
Kramnik-Leko game. In this line, Black lost a tempo with his queen, but
brought his a8-rook to e8 in just one move, so tempi are just the same.}) 15...
cxd5 16. Nxe4 fxe4 17. Qc6 Qd6 18. Qxd6 Bxd6 19. Ng5 Rfe8 20. Rac1 Rac8 {
Harika,D (2445)-Dzagnidze,N (2536)/Kavala 2009 (1/2, 33)} 21. Rxc8 Bxc8 22. Rc1
$36) ({Against} 13... b5 {White should deviate from the known paths.} 14. cxd5
(14. c5 $6 Bf6 15. Nc3 Qc7 16. Na2 Rae8 17. Nb4 Bc8 {would transpose to the
same game, but with an extra-tempo for Black.}) 14... cxd5 15. Qc6 Nd6 16. Bb4
Bb7 17. Qc1 Rc8 18. Qa3 $14 {[%csl Gc5,Ge5]}) 14. Nc3 Qe7 15. Ra2 $1 $14 {
A very strong move, proving that the black queenside is insufficiently well
defended.} Rfc8 $2 {Very carelessly played.} (15... b5 $2 {is also flawed
tactically:} 16. cxd5 cxd5 17. Nxd5 exd5 18. Qc6 $16) (15... Ndf6 {may be the
lesser evil, clearing the seventh rank and allowing the queen to defend the
queenside. The drawback of placing knights on e4 and f6 is that the e5-square
is insufficiently well defended, but this usually applies when the white dark
squared bishop is on the long diagonal.} 16. axb6 (16. Ne5 c5 {offers Black
practical chances.}) 16... axb6 17. Rda1 Bb7 $14) 16. axb6 axb6 17. Rda1 Bb7 $6
{Probably missing White's small combination.} (17... Nxc3 {would have been
slightly better, although exchanging the central knight can be regarded as a
positional concession.} 18. Bxc3 Bb7 19. Rxa8 Rxa8 20. Rxa8+ Bxa8 21. Qa2 Qd8
22. Qa7 $16) 18. Rxa8 Rxa8 (18... Bxa8 19. Ra7 $16) 19. Rxa8+ Bxa8 20. cxd5 $1
({Much stronger than} 20. Qa2 $14) 20... Nxc3 (20... cxd5 21. Nxe4 dxe4 22.
Qc8+ Qf8 23. Qxd7 exf3 24. Qxe6+ Kh8 25. Bxf3 Bxf3 26. exf3 $18) (20... exd5
21. Nxd5 cxd5 22. Qc8+ $16) 21. dxe6 $1 {White wins a pawn and preserves the
positional advantage, because the a8-bishop remains passive all the same.}
Nxe2+ 22. Qxe2 Nf8 23. Qa6 Bb7 24. Qxb6 Nxe6 25. b4 $16 {/+- I have the
feeling that Karjakin's novelty did not justify itself, although the cause of
the defeat should be looked for later in the game.} h6 26. Bc3 Qc7 27. Qa5 Qxa5
28. bxa5 Kf7 29. Ne5+ Bxe5 30. dxe5 Nc7 31. f4 Ke6 32. Bb4 Kd7 33. Bf1 1-0

[Event "HUN-ch 54th"]
[Site "Budapest"]
[Date "2004.08.23"]
[Round "5"]
[White "Flumbort, Andras"]
[Black "Cao, Sang"]
[Result "1/2-1/2"]
[WhiteElo "2493"]
[BlackElo "2545"]
[Annotator "Marin,M"]
[PlyCount "103"]
[EventDate "2004.08.19"]
[EventType "tourn"]
[EventRounds "9"]
[EventCountry "HUN"]
[EventCategory "13"]
[SourceTitle "CBM 103"]
[Source "ChessBase"]
[SourceDate "2004.11.11"]
[SourceVersion "1"]
[SourceVersionDate "2004.11.11"]
[SourceQuality "1"]

1. d4 Nf6 2. c4 e6 3. Nf3 b6 4. g3 Ba6 5. Qa4 Bb7 6. Bg2 c5 7. dxc5 bxc5 8. O-O
Be7 9. Nc3 Bc6 10. Qc2 d6 11. Rd1 O-O 12. Bf4 a6 13. e4 Qc7 14. Qe2 Nbd7 15. e5
dxe5 16. Nxe5 Bxg2 17. Nxd7 Qb7 18. Ne5 Bh3 19. f3 h5 20. Ne4 Bf5 21. Ng5 Rad8
22. Rxd8 Bxd8 23. g4 hxg4 24. fxg4 Be4 25. Rd1 Bc7 26. Bg3 Bxe5 27. Bxe5 Bg6
28. h4 Nh7 29. Nxh7 Bxh7 30. Bc3 Be4 31. h5 f5 32. Qd2 fxg4 33. Qd7 Qxd7 34.
Rxd7 Rf7 35. Rxf7 Kxf7 36. Kf2 Bd3 37. Kg3 Bxc4 38. Kxg4 Bxa2 39. Kg5 {In
spite of his considerable material advantage Black has no dangerous candidates
to promotion in a position with opposite bishops. Besides, his g7-pawn needs
permanent care. No wonder that the game will soon end in a draw. Trotz seines
beträchtlichen Materialvorteils hat Schwarz in dieser Stellung mit
ungleichfarbigen Läufern keine gefährlichen Umwandlungskandidaten. Zudem
bedarf sein Bauer g7 der ständigen Obhut. Kein Wunder, dass die Partie bald
remis endet.} Bd5 40. Kf4 Bc4 41. Kf3 Kg8 42. Kf4 Kh7 43. Kg5 Be2 44. Be5 c4
45. Bc3 Bd1 46. Be5 a5 47. Bc3 a4 48. Be5 Kg8 49. Bc3 Kf7 50. Be5 Be2 51. Bd4
Bd3 52. Be5 1/2-1/2

[Event "Olympiad-41"]
[Site "Tromsoe"]
[Date "2014.08.10"]
[Round "8.4"]
[White "Indjic, Aleksandar"]
[Black "Sadler, Matthew D"]
[Result "1-0"]
[WhiteElo "2539"]
[BlackElo "2653"]
[Annotator "Marjanovic,S"]
[PlyCount "93"]
[EventDate "2014.08.02"]
[EventType "team-swiss"]
[EventRounds "11"]
[EventCountry "NOR"]
[SourceTitle "CBM 162"]
[Source "ChessBase"]
[SourceDate "2014.09.17"]
[SourceVersion "1"]
[SourceVersionDate "2014.09.17"]
[SourceQuality "1"]
[WhiteTeam "Serbia"]
[BlackTeam "England"]
[WhiteTeamCountry "SRB"]
[BlackTeamCountry "ENG"]

1. d4 Nf6 2. c4 e6 3. Nf3 b6 4. g3 Ba6 5. Nbd2 {The fourth possibility. The
main line is 5.b3} Bb4 ({The alternative is} 5... Bb7 {and after} 6. Bg2 Be7 {
or 6...c5}) 6. Qa4 (6. Qc2 {has been played more often.}) 6... c5 7. dxc5 ({
After} 7. a3 Bxd2+ 8. Bxd2 {White temporarily has the bishop pair.}) 7... Bxc5
8. b4 Be7 9. Bg2 Bb7 10. O-O O-O 11. Bb2 Qc7 12. a3 (12. Rac1 $5) 12... Ne4
$146 {A novelty} ({Grandmaster Lutz once played} 12... d6) 13. Rfd1 Nxd2 14.
Rxd2 $14 {White stands sligtly better} d6 (14... a5 15. b5 d6 16. Nd4 Bxg2 17.
Kxg2 $14) 15. Qb3 ({A better move was} 15. Nd4) ({or} 15. c5 $5) 15... Nc6 ({
A more precise move was} 15... Nd7 16. Rc1 Rfc8) 16. Rad1 Rfd8 (16... Rac8) 17.
h4 $5 (17. Qe3 $14) 17... Rac8 (17... h6 18. Qe3 $14) 18. Ng5 h6 ({After} 18...
Ne5 19. Bxe5 Bxg2 (19... dxe5 20. Rxd8+ Rxd8 21. Rxd8+ Bxd8 22. Qa4 $1 Kf8 23.
Qxa7) 20. Bxd6 Rxd6 21. Rxd6 Bxd6 22. Kxg2 {White has a pawn more.}) 19. Nxe6 {
The youngest Serbian grandmaster shows impatience.} ({It was better to
centralise the knight:} 19. Ne4 $1 $14 {with a small advantage}) 19... fxe6 20.
c5 d5 21. Bh3 $6 (21. Qe3 {was more precise:} e5 22. Rxd5 bxc5 23. Rxd8+ Bxd8
24. Qxc5 Bf6 25. Bh3 Rd8 26. Rxd8+ Qxd8 27. Bg2 $44 {with compensation.}) 21...
Kh8 (21... bxc5 22. Bxe6+ Kh8 23. Bxc8 Qxc8 24. Rxd5 Rxd5 25. Rxd5 Nd4 26. Bxd4
Bxd5 $15) 22. Bxe6 Ne5 ({For} 22... bxc5 {see my previous comment.}) 23. Bxc8 (
23. Rxd5 Bxd5 24. Rxd5 Rxd5 25. Qxd5 Rd8 26. Bxe5 Rxd5 27. Bxc7 Rd1+ 28. Kg2
bxc5 29. bxc5 Bxc5 30. a4 $11) 23... Rxc8 24. cxb6 (24. Qe3 Bf6 25. Bxe5 (25.
Rc1 Qb8 $13) 25... Qxe5 26. Qxe5 Bxe5 27. Rc1 Kh7 $13) 24... axb6 25. Rc1 {
Again not the best.} (25. e4 {was better:} Nc4 26. Rc2 Bf8 27. exd5 b5 28. Qf3
Qd7 $13 {with an unclear position.}) 25... Nc4 $15 {Although White has a rook
and two pawns for bishop and knight I think that Black has a slight advantage.}
26. Rd3 (26. Bd4 Bd6 (26... Nxd2 $6 27. Bxg7+ $1 Kg8 28. Rxc7 Nxb3 29. Rxe7 Ba6
30. Bxh6 Rc6 $13) (26... Kg8 $15) 27. Rdc2 Qe7 $15) 26... Qc6 27. Bd4 Bf6 (
27... Bd6) (27... Qe6) 28. Qc3 (28. a4) 28... Bxd4 29. Rxd4 b5 30. Rcd1 Qe6 31.
Qf3 Re8 32. Rf4 Kg8 33. h5 Ne5 (33... Nd6 $1 $15) 34. Qe3 Bc6 (34... d4 35.
Rdxd4 Qh3 36. Qb3+ Kh8 37. e4 Qxh5 $15) 35. Rc1 Qd7 36. Qc5 Nc4 37. e3 Bb7 (
37... Rc8) 38. Rd1 {A trap.} ({The correct move was} 38. Rc3) 38... Nxe3 $4
$138 {A blunder in time trouble.} ({Black has a small advantage after} 38...
Nxa3 39. Kh2 Rc8) ({or} 38... Rc8 39. Qd4 Nxa3) 39. fxe3 Qh3 40. Rf3 $1 $18
Qxh5 (40... d4 41. Qf5 $1 Qxf5 42. Rxf5 dxe3 43. Rxb5 $18) 41. Rdf1 Qg6 42. Qc7
({The machine suggests the more aggressive} 42. Qxb5 $1 Ba8 (42... Re7 43. Qc5)
43. Qd7 d4 44. Qf7+ Qxf7 45. Rxf7 dxe3 46. Rc7 e2 47. Re1 Bf3 48. a4 $18 {
with a winning position.}) 42... Bc6 43. Qf7+ Qxf7 44. Rxf7 Rxe3 45. R7f3 Re2 (
45... Re6 46. Rf8+ Kh7 47. Rc1 $16) 46. Rc1 Be8 $2 {The final mistake.} (46...
Re6 47. Kf2 $16) 47. Kf1 $1 1-0